[Event "4NCL Division 2b"]
[Site "Birmingham, ENG ENG"]
[Date "2016.02.14"]
[Round "6.251"]
[White "Walker, David J"]
[Black "Richardson, John R"]
[Result "1-0"]
[WhiteElo "2298"]
[BlackElo "2267"]
[PlyCount "81"]
[EventDate "2016.02.14"]
[WhiteTeam "North East England"]
[BlackTeam "The AD's"]

1. c4 Nf6 2. g3 e6 3. Bg2 d5 4. Nf3 b6 5. O-O Bb7 6. d4 Nbd7 7. b3 Bd6 8. Bb2
O-O 9. Nc3 Re8 10. Qc2 c5 11. cxd5 exd5 12. Rad1 Rc8 13. dxc5 Bxc5 14. Nd4 a6
15. Qb1 Bb4 16. Qa1 Qc7 17. Rc1 Qe5 18. e3 Bf8 19. Nce2 Ne4 20. Nf4 Rxc1 21.
Rxc1 Nxf2 22. Nc2 Qf5 23. Kxf2 g5 24. Bh3 Qe4 25. Bd4 gxf4 26. gxf4 f5 27. Rg1+
Kf7 28. Qd1 Nf6 29. Ne1 Bc5 30. Nf3 h6 31. Ne5+ Rxe5 32. fxe5 f4 33. exf6 fxe3+
34. Ke2 Bxd4 35. Rg7+ Kxf6 36. Rxb7 Bc5 37. Rc7 d4 38. Qd3 Qf4 39. Rc6+ Kg5 40.
Qg6+ Kh4 41. Qxh6+ 1-0

[Event "4NCL Division 2b"]
[Site "Birmingham, ENG ENG"]
[Date "2016.02.14"]
[Round "6.252"]
[White "Swindells, Jonathan E"]
[Black "Tavoularis, Nicholas"]
[Result "1-0"]
[WhiteElo "2260"]
[BlackElo "2282"]
[PlyCount "69"]
[EventDate "2016.02.14"]
[WhiteTeam "The AD's"]
[BlackTeam "North East England"]

1. e4 c5 2. Nc3 Nc6 3. Bb5 Nd4 4. Bc4 e6 5. Nf3 Nf6 6. O-O a6 7. a4 d5 8. exd5
exd5 9. Nxd5 Nxd5 10. Nxd4 cxd4 11. Qh5 Be6 12. Re1 Nf4 13. Qg4 g5 14. d3 Be7
15. Bxe6 Nxe6 16. Qh5 Qd5 17. f4 Rc8 18. Re2 Rc6 19. Bd2 Ng7 20. Qh3 Qd7 21.
Rae1 Re6 22. Rxe6 fxe6 23. g4 gxf4 24. Bxf4 O-O 25. Bh6 Qd5 26. Qg3 Bg5 27. Re5
Bh4 28. Rxd5 Bxg3 29. Rg5 Bxh2+ 30. Kxh2 Rf7 31. a5 Kf8 32. Kg3 e5 33. Rxe5 Rc7
34. c3 dxc3 35. bxc3 1-0

[Event "4NCL Division 2b"]
[Site "Birmingham, ENG ENG"]
[Date "2016.02.14"]
[Round "6.253"]
[White "Oates, David"]
[Black "Wheeler, Darren P"]
[Result "1/2-1/2"]
[WhiteElo "2146"]
[BlackElo "2215"]
[PlyCount "80"]
[EventDate "2016.02.14"]
[WhiteTeam "North East England"]
[BlackTeam "The AD's"]

1. e4 e6 2. d4 d5 3. exd5 exd5 4. Nf3 Bd6 5. c4 c6 6. Nc3 Ne7 7. Bd3 dxc4 8.
Bxc4 O-O 9. O-O Bg4 10. h3 Bh5 11. g4 Bg6 12. Ne5 b5 13. Bb3 a5 14. a4 b4 15.
Ne2 Na6 16. Nf4 Qc7 17. Nfxg6 Nxg6 18. Nxg6 hxg6 19. Qd3 c5 20. Bc4 Qb6 21. d5
Be5 22. f4 Bd4+ 23. Kg2 Nc7 24. f5 gxf5 25. Qxf5 Ne8 26. Bd3 g6 27. Qf3 Bg7 28.
Bg5 c4 29. Be7 Nd6 30. Bxd6 Qxd6 31. Bxc4 Bxb2 32. Rae1 Bc3 33. Re4 Ra7 34. h4
Re7 35. Re6 Qd8 36. Rxg6+ fxg6 37. d6+ Kg7 38. Qxf8+ Qxf8 39. Rxf8 Kxf8 40.
dxe7+ Kxe7 1/2-1/2

[Event "4NCL Division 2b"]
[Site "Birmingham, ENG ENG"]
[Date "2016.02.14"]
[Round "6.254"]
[White "Rich, Mark C"]
[Black "Waters, Clive L"]
[Result "1/2-1/2"]
[WhiteElo "2215"]
[BlackElo "2207"]
[PlyCount "53"]
[EventDate "2016.02.14"]
[WhiteTeam "The AD's"]
[BlackTeam "North East England"]

1. e4 c6 2. d4 d5 3. exd5 cxd5 4. c4 Nf6 5. Nc3 g6 6. Bg5 Ne4 7. cxd5 Nxc3 8.
bxc3 Qxd5 9. Be3 Bg7 10. Nf3 Nc6 11. Be2 O-O 12. O-O Na5 13. Qc1 Nc4 14. Bh6
Bf5 15. Bxg7 Kxg7 16. Re1 Rac8 17. Bxc4 Rxc4 18. Rxe7 Rfc8 19. Qf4 Rxc3 20.
Rae1 R8c6 21. h4 Rf6 22. h5 gxh5 23. R7e5 Qd7 24. Re7 Qd5 25. R7e5 Qd7 26. Re7
Qd5 27. R7e5 1/2-1/2

[Event "4NCL Division 2b"]
[Site "Birmingham, ENG ENG"]
[Date "2016.02.14"]
[Round "6.255"]
[White "Henderson, David"]
[Black "Snape, Ian L"]
[Result "0-1"]
[WhiteElo "2132"]
[BlackElo "2267"]
[PlyCount "130"]
[EventDate "2016.02.14"]
[WhiteTeam "North East England"]
[BlackTeam "The AD's"]

1. e4 Nf6 2. e5 Nd5 3. d4 d6 4. c4 Nb6 5. exd6 cxd6 6. Be3 g6 7. Nf3 Bg7 8. Nc3
O-O 9. Bd3 Nc6 10. O-O Bg4 11. h3 Bxf3 12. Qxf3 Nb4 13. Be2 Nc2 14. Rad1 Nxe3
15. fxe3 Qc7 16. b3 a6 17. Qg3 Rac8 18. Bf3 e6 19. Ne2 e5 20. dxe5 dxe5 21. Nc3
f5 22. e4 Kh8 23. Nd5 Qc5+ 24. Qf2 Qxf2+ 25. Rxf2 Nxd5 26. Rxd5 b5 27. Rc2 fxe4
28. Bxe4 Bh6 29. Rd3 bxc4 30. Rxc4 Rxc4 31. bxc4 Rc8 32. Bd5 Bf8 33. Kf2 Bc5+
34. Kf3 a5 35. Ke4 Bd4 36. Ra3 Rc5 37. Rb3 Rc7 38. Rb7 Rxb7 39. Bxb7 Kg7 40.
Kd5 Kf6 41. Kd6 Kf5 42. a4 e4 43. c5 Kf4 44. c6 Be5+ 45. Kd7 e3 46. Ba6 Kg3 47.
c7 Bxc7 48. Kxc7 Kxg2 49. h4 Kg3 50. Kb6 Kxh4 51. Kxa5 g5 52. Kb4 g4 53. Kc3
Kg3 54. Bd3 Kf2 55. a5 g3 56. a6 g2 57. a7 g1=Q 58. a8=Q Qg7+ 59. Kc4 e2 60.
Bxe2 Kxe2 61. Qe4+ Kf2 62. Qh4+ Kf3 63. Kd5 Qg8+ 64. Kc6 Qg6+ 65. Kd5 Qf5+ 0-1

[Event "4NCL Division 2b"]
[Site "Birmingham, ENG ENG"]
[Date "2016.02.14"]
[Round "6"]
[White "Selway, Richard P"]
[Black "Coathup, Roger H"]
[Result "0-1"]
[WhiteElo "2110"]
[BlackElo "2147"]
[PlyCount "142"]
[EventDate "2016.02.14"]
[WhiteTeam "The AD's"]
[BlackTeam "North East England"]

1. e4 c5 2. Nc3 a6 3. g3 b5 4. Bg2 Bb7 5. d3 e6 6. Nf3 d6 7. O-O Nf6 8. Nh4 Nc6
9. f4 Nd4 10. Be3 Be7 11. Nf3 Nxf3+ 12. Qxf3 b4 13. Ne2 d5 14. e5 Nd7 15. d4
cxd4 16. Bxd4 Bc5 17. f5 Qb6 18. Qe3 exf5 19. Rxf5 O-O 20. Rd1 g6 21. Bxc5 Qxc5
22. Qxc5 Nxc5 23. Rf6 Rae8 24. Nf4 Rxe5 25. Nxd5 Kg7 26. Rf4 Rd8 27. Rfd4 a5
28. Kf2 Rf5+ 29. Kg1 Re5 30. Kf2 Rde8 31. R1d2 Rf5+ 32. Rf4 Rxf4+ 33. Nxf4 Ne4+
34. Bxe4 Bxe4 35. c3 bxc3 36. bxc3 Rc8 37. Ke3 Bf5 38. Ne2 Be6 39. Nd4 Rxc3+
40. Ke4 Bc8 41. Rb2 Rc4 42. Kd5 Ra4 43. Kc5 h5 44. Nc6 Be6 45. Kb5 Rxa2 46.
Rxa2 Bxa2 47. Kxa5 Kf6 48. Nd4 Ke5 49. Ne2 Bc4 50. Nf4 h4 51. Kb4 hxg3 52. hxg3
Bf1 53. Kc5 Kf5 54. Nd5 Ke4 55. Kd6 Bc4 56. Nf6+ Kf3 57. g4 Kf4 58. Ke7 Be6 59.
Kf8 Kg5 60. Kg7 Ba2 61. Nd7 Kxg4 62. Kf6 g5 63. Ne5+ Kh5 64. Kf5 Bb1+ 65. Kf6
Bg6 66. Nf3 g4 67. Ng1 Kh4 68. Ke5 Kg3 69. Ne2+ Kf2 70. Nf4 g3 71. Nh3+ Kf1 0-1

[Event "4NCL Division 2b"]
[Site "Birmingham, ENG ENG"]
[Date "2016.02.14"]
[Round "6.2"]
[White "Anderton, David W"]
[Black "Moreby, James"]
[Result "1-0"]
[WhiteElo "2132"]
[BlackElo "2048"]
[PlyCount "71"]
[EventDate "2016.02.14"]
[WhiteTeam "The AD's"]
[BlackTeam "North East England"]

1. d4 Nf6 2. c4 e6 3. Nc3 Bb4 4. Qc2 O-O 5. a3 Bxc3+ 6. Qxc3 b6 7. Bg5 Bb7 8.
e3 d6 9. f3 Nbd7 10. Nh3 e5 11. dxe5 dxe5 12. Be2 Qe7 13. O-O Rfe8 14. Rac1 a5
15. Rfd1 Bc6 16. Nf2 h6 17. Bh4 g5 18. Bg3 Bb7 19. Rd2 a4 20. Bd1 Nc5 21. Bc2
Qe6 22. Nd3 Nce4 23. fxe4 Nxe4 24. Nc5 Nxc5 25. Rf1 Ne4 26. Bxe4 Bxe4 27. c5 b5
28. Qb4 Qc6 29. h4 f5 30. hxg5 hxg5 31. Rdf2 Rad8 32. Rxf5 Bxf5 33. Rxf5 Rd1+
34. Kf2 e4 35. Rxg5+ Kf7 36. Bf4 1-0

[Event "4NCL Division 2b"]
[Site "Birmingham, ENG ENG"]
[Date "2016.02.14"]
[Round "6.6"]
[White "Harakis, Alexis M"]
[Black "Walker, Nicholas P"]
[Result "1/2-1/2"]
[WhiteElo "2243"]
[BlackElo "2192"]
[PlyCount "197"]
[EventDate "2016.02.14"]
[WhiteTeam "KJCA Kings"]
[BlackTeam "Hackney 1"]

1. d4 Nf6 2. c4 e6 3. Nc3 Bb4 4. Nf3 b6 5. Qb3 Bxc3+ 6. Qxc3 Bb7 7. Bg5 h6 8.
Bh4 d6 9. e3 g5 10. Bg3 Ne4 11. Qc2 Nd7 12. Bd3 Ndf6 13. O-O h5 14. h4 Rg8 15.
d5 Nxg3 16. fxg3 gxh4 17. dxe6 Rxg3 18. exf7+ Kxf7 19. Nxh4 Kg8 20. Bf5 Qe7 21.
Qf2 Rg5 22. Qf4 Qg7 23. e4 Re8 24. Rae1 Re5 25. Re2 Ng4 26. Rfe1 Nh6 27. Bh3
Rg3 28. Re3 Reg5 29. Be6+ Kh7 30. Rxg3 Rxg3 31. Re2 Qe5 32. Qxe5 dxe5 33. Nf3
Rg6 34. Bf5 Nxf5 35. exf5 Rg4 36. Nxe5 Rf4 37. Rf2 Rxf2 38. Kxf2 Kg7 39. c5 Be4
40. Kg3 Bxf5 41. Kf4 Kf6 42. Nc6 Be6 43. Nxa7 Bxa2 44. cxb6 cxb6 45. Nc8 Bd5
46. g3 b5 47. Nd6 b4 48. Ne8+ Kg6 49. Nc7 Bc4 50. Na8 Kf6 51. Nb6 Be6 52. Na4
Bc4 53. Nc5 Be2 54. Ke3 Bb5 55. Ne4+ Ke5 56. Nf2 b3 57. Nh3 Kf5 58. Nf2 Ke5 59.
Ne4 Bc6 60. Nc5 Bd5 61. Nd3+ Kf5 62. Kd4 Bf7 63. Nf2 Be6 64. Kc3 Bd5 65. Kb4
Ke5 66. Kc3 Bf7 67. Kd3 Bg6+ 68. Ke3 Bf7 69. Kd3 Bg6+ 70. Ke3 Bf7 71. g4 hxg4
72. Nxg4+ Kd5 73. Kd3 Kc5 74. Kc3 Kb5 75. Ne5 Bg8 76. Kd4 Bh7 77. Nd7 Kb4 78.
Nf6 Bg6 79. Nd5+ Ka4 80. Kc5 Bf7 81. Nf4 Ka5 82. Nd3 Bg8 83. Nc1 Ka4 84. Kd4
Kb4 85. Nd3+ Kb5 86. Nf4 Kb4 87. Nd5+ Kb5 88. Nc3+ Kb4 89. Ke5 Bh7 90. Kd6 Bg6
91. Nd5+ Kc4 92. Nb6+ Kb5 93. Nd7 Bf7 94. Nc5 Kb6 95. Ne6 Kb5 96. Nc7+ Kc4 97.
Na6 Kd3 98. Nc5+ Kc2 99. Nxb3 1/2-1/2

[Event "4NCL Division 2b"]
[Site "Birmingham, ENG ENG"]
[Date "2016.02.14"]
[Round "6.7"]
[White "Bowmer, Kevin"]
[Black "Golding, James"]
[Result "1/2-1/2"]
[WhiteElo "2132"]
[BlackElo "2037"]
[PlyCount "69"]
[EventDate "2016.02.14"]
[WhiteTeam "Hackney 1"]
[BlackTeam "KJCA Kings"]

1. e4 e5 2. Nf3 Nc6 3. Bb5 a6 4. Ba4 Nf6 5. O-O b5 6. Bb3 Bc5 7. a4 Rb8 8. c3
d6 9. d4 Bb6 10. Na3 Bg4 11. axb5 axb5 12. Nxb5 O-O 13. Bc2 Bxf3 14. gxf3 exd4
15. Nxd4 Nxd4 16. cxd4 Nh5 17. Kh1 Qf6 18. Be3 Nf4 19. Rg1 Ne6 20. d5 Bxe3 21.
fxe3 Ng5 22. f4 Nh3 23. Rg2 Rxb2 24. e5 Qh4 25. Qf3 Rfb8 26. Qg3 Qxg3 27. hxg3
dxe5 28. Kh2 exf4 29. gxf4 Nxf4 30. exf4 R2b4 31. Kg3 g6 32. Rd2 Rc4 33. Rb1
Ra8 34. Rb2 Ra3+ 35. Kg2 1/2-1/2

[Event "4NCL Division 2b"]
[Site "Birmingham, ENG ENG"]
[Date "2016.02.14"]
[Round "6.8"]
[White "Ball, Laurence"]
[Black "Tasker, Michael W"]
[Result "1/2-1/2"]
[WhiteElo "2099"]
[BlackElo "1997"]
[PlyCount "52"]
[EventDate "2016.02.14"]
[WhiteTeam "KJCA Kings"]
[BlackTeam "Hackney 1"]

1. e4 c5 2. Nf3 d6 3. d4 cxd4 4. Qxd4 Nc6 5. Bb5 Bd7 6. Bxc6 Bxc6 7. Nc3 e6 8.
Bg5 Nf6 9. O-O-O Be7 10. Rhe1 O-O 11. Qd2 Qa5 12. Kb1 Kh8 13. Nd4 Rac8 14. f4
Rfd8 15. f5 e5 16. Nb3 Qc7 17. Bxf6 Bxf6 18. g4 Bh4 19. Re2 h6 20. Qe3 a6 21.
Nd5 Bxd5 22. Rxd5 b5 23. Qd3 Qb6 24. Qd2 Qg1+ 25. Qd1 Qxg4 26. Qd3 Bg5 1/2-1/2

[Event "4NCL Division 2b"]
[Site "Birmingham, ENG ENG"]
[Date "2016.02.14"]
[Round "6.9"]
[White "Balloglu, Piro"]
[Black "Hand, Freddie"]
[Result "1/2-1/2"]
[WhiteElo "1949"]
[BlackElo "1998"]
[PlyCount "49"]
[EventDate "2016.02.14"]
[WhiteTeam "Hackney 1"]
[BlackTeam "KJCA Kings"]

1. e4 e5 2. Nf3 Nf6 3. Nxe5 d6 4. Nf3 Nxe4 5. d4 d5 6. Bd3 Bd6 7. O-O O-O 8. c4
c6 9. Nc3 Nxc3 10. bxc3 dxc4 11. Bxc4 Bf5 12. a4 Qa5 13. Ba3 Bxa3 14. Rxa3 Nd7
15. Nh4 Be4 16. f3 Bd5 17. Bd3 Qd8 18. Nf5 Qf6 19. Qe1 Be6 20. Ng3 Rfe8 21. Qb1
Qh6 22. f4 Rab8 23. f5 Bd5 24. c4 Qe3+ 25. Kh1 1/2-1/2

[Event "4NCL Division 2b"]
[Site "Birmingham, ENG ENG"]
[Date "2016.02.14"]
[Round "6.10"]
[White "Anilkumar, Anantha P"]
[Black "Booth, Richard"]
[Result "1-0"]
[WhiteElo "2018"]
[BlackElo "2005"]
[PlyCount "61"]
[EventDate "2016.02.14"]
[WhiteTeam "KJCA Kings"]
[BlackTeam "Hackney 1"]

1. d4 Nf6 2. c4 e5 3. d5 Bc5 4. Nc3 d6 5. h3 Bf5 6. Bg5 h6 7. Bh4 g5 8. Bg3 c6
9. e3 Qb6 10. Qd2 Bb4 11. Bd3 e4 12. Be2 cxd5 13. a3 Qa5 14. Rc1 Bxc3 15. Rxc3
O-O 16. Bxd6 Rc8 17. g4 Be6 18. c5 Qd8 19. h4 Nc6 20. hxg5 hxg5 21. b4 a6 22.
f4 Ne8 23. f5 Nxd6 24. cxd6 Bd7 25. Qxd5 Qf6 26. Rc4 Nd8 27. Qd4 Qxd4 28. Rxd4
f6 29. Rh6 Rc1+ 30. Kf2 Nc6 31. Rxe4 1-0

[Event "4NCL Division 2b"]
[Site "Birmingham, ENG ENG"]
[Date "2016.02.14"]
[Round "6.11"]
[White "Yurenok, Maria S"]
[Black "Haridas, Girinath"]
[Result "1/2-1/2"]
[WhiteElo "1975"]
[BlackElo "1945"]
[PlyCount "41"]
[EventDate "2016.02.14"]
[WhiteTeam "Hackney 1"]
[BlackTeam "KJCA Kings"]

1. d4 Nf6 2. Nf3 g6 3. Bg5 Bg7 4. Nbd2 O-O 5. e4 d5 6. Bxf6 Bxf6 7. exd5 Qxd5
8. Bc4 Qa5 9. c3 Bf5 10. O-O Nd7 11. b4 Qb6 12. Re1 Rae8 13. Qb3 Qd6 14. Ne4
Bxe4 15. Rxe4 c6 16. Rae1 e6 17. Ne5 b5 18. Bf1 Nb6 19. g3 Bxe5 20. Rxe5 Kg7
21. Bg2 1/2-1/2

[Event "4NCL Division 2b"]
[Site "Birmingham, ENG ENG"]
[Date "2016.02.14"]
[Round "6.12"]
[White "Verma, Aditya"]
[Black "Burgoyne, Peter A"]
[Result "1-0"]
[WhiteElo "1799"]
[BlackElo "1780"]
[PlyCount "87"]
[EventDate "2016.02.14"]
[WhiteTeam "KJCA Kings"]
[BlackTeam "Hackney 1"]

1. e4 c5 2. Nf3 e6 3. d4 cxd4 4. Nxd4 Bc5 5. Nb3 Bb6 6. Nc3 Ne7 7. Bf4 d5 8.
exd5 Nxd5 9. Nxd5 exd5 10. Be2 O-O 11. O-O Nc6 12. Bf3 Be6 13. c3 Qf6 14. Qd2
h6 15. Be3 Rfd8 16. Bxb6 axb6 17. Qe3 Ne5 18. Be2 Nc4 19. Bxc4 dxc4 20. Nd4 Bd5
21. Rfe1 Re8 22. Qxe8+ Rxe8 23. Rxe8+ Kh7 24. Rae1 Qg6 25. f3 Qf6 26. a3 Qf4
27. R1e3 Be6 28. Re2 Bd5 29. R8e5 Bc6 30. R2e3 Qf6 31. Rf5 Qg6 32. Re7 Kg8 33.
Rexf7 Qxf7 34. Rxf7 Kxf7 35. Nxc6 bxc6 36. Kf2 Ke7 37. Ke3 c5 38. Ke4 g6 39. h4
Kd6 40. g4 Ke6 41. f4 b5 42. g5 h5 43. f5+ gxf5+ 44. Kf4 1-0

[Event "4NCL Division 2b"]
[Site "Birmingham, ENG ENG"]
[Date "2016.02.14"]
[Round "6.15"]
[White "Webb, Richard M"]
[Black "Smith, Andrew Philip"]
[Result "1/2-1/2"]
[WhiteElo "2260"]
[BlackElo "2118"]
[PlyCount "29"]
[EventDate "2016.02.14"]
[WhiteTeam "CSC Dragons [1]"]
[BlackTeam "Cambridge University 2"]

1. e4 e5 2. Nf3 d6 3. d4 Nd7 4. Bc4 Qf6 5. Nc3 c6 6. Be3 h6 7. Bb3 Be7 8. Qd2
Bd8 9. Ne2 Ne7 10. c3 Bc7 11. Ng3 O-O 12. O-O a5 13. a4 Rd8 14. dxe5 Nxe5 15.
Nxe5 1/2-1/2

[Event "4NCL Division 2b"]
[Site "Birmingham, ENG ENG"]
[Date "2016.02.14"]
[Round "6.16"]
[White "Churm, Rohan M"]
[Black "Farrand, Tom"]
[Result "1/2-1/2"]
[WhiteElo "2127"]
[BlackElo "2181"]
[PlyCount "39"]
[EventDate "2016.02.14"]
[WhiteTeam "Cambridge University 2"]
[BlackTeam "CSC Dragons [1]"]

1. e4 c5 2. Nc3 e6 3. g3 Nc6 4. Bg2 g6 5. d3 Bg7 6. Be3 d6 7. Nge2 Nge7 8. O-O
e5 9. Qd2 O-O 10. Bh6 Rb8 11. Bxg7 Kxg7 12. f4 f6 13. fxe5 dxe5 14. Nd5 Nxd5
15. exd5 Ne7 16. c4 Bf5 17. Be4 Bh3 18. Bg2 Bf5 19. Be4 Bh3 20. Bg2 1/2-1/2

[Event "4NCL Division 2b"]
[Site "Birmingham, ENG ENG"]
[Date "2016.02.14"]
[Round "6.17"]
[White "Thompson, Ian D"]
[Black "Pickard, Charles"]
[Result "1-0"]
[WhiteElo "2162"]
[BlackElo "2133"]
[PlyCount "47"]
[EventDate "2016.02.14"]
[WhiteTeam "CSC Dragons [1]"]
[BlackTeam "Cambridge University 2"]

1. c4 e5 2. g3 g6 3. d4 exd4 4. Qxd4 Qf6 5. Qd1 Bg7 6. Nf3 Ne7 7. Bg2 O-O 8.
O-O Nf5 9. Nc3 Qe6 10. Nd5 Na6 11. Ng5 Qe8 12. e4 Nd4 13. e5 Qxe5 14. Re1 Qd6
15. Ne4 Qe5 16. f4 Nf3+ 17. Bxf3 Qd4+ 18. Qxd4 Bxd4+ 19. Kg2 d6 20. Be3 Bxe3
21. Rxe3 Kg7 22. Rae1 Be6 23. Ng5 Bd7 24. Nxh7 1-0

[Event "4NCL Division 2b"]
[Site "Birmingham, ENG ENG"]
[Date "2016.02.14"]
[Round "6.18"]
[White "Beckett, Chris J"]
[Black "Fegan, Chris"]
[Result "1/2-1/2"]
[WhiteElo "2143"]
[BlackElo "2077"]
[PlyCount "92"]
[EventDate "2016.02.14"]
[WhiteTeam "Cambridge University 2"]
[BlackTeam "CSC Dragons [1]"]

1. d4 d6 2. e4 Nf6 3. f3 e5 4. Ne2 Nc6 5. d5 Ne7 6. c4 g6 7. Nbc3 Bg7 8. Be3
O-O 9. g4 a6 10. Ng3 c6 11. Qd2 cxd5 12. cxd5 b5 13. Bd3 Rb8 14. h4 Bxg4 15.
fxg4 Nxg4 16. Nd1 Nxe3 17. Qxe3 f5 18. Ne2 f4 19. Qf3 h5 20. Nf2 Qa5+ 21. Nc3
Rbc8 22. Kf1 Bf6 23. Kg2 Rf7 24. a4 b4 25. Nb1 Rg7 26. Nd2 Rf8 27. Qe2 Ra8 28.
Nf3 Qb6 29. b3 a5 30. Bc4 Rf8 31. Nh3 Bxh4 32. Nxh4 g5 33. Nf3 g4 34. Rhg1
gxf3+ 35. Kxf3 Ng6 36. Qf2 Nh4+ 37. Ke2 f3+ 38. Kd3 Qxf2 39. Rxg7+ Kxg7 40.
Nxf2 Ng2 41. Kd2 Kh6 42. Rg1 h4 43. Be2 fxe2 44. Rxg2 Rf3 45. Kxe2 Rxb3 46.
Ng4+ Kh5 1/2-1/2

[Event "4NCL Division 2b"]
[Site "Birmingham, ENG ENG"]
[Date "2016.02.14"]
[Round "6.19"]
[White "Richardson, Keith B"]
[Black "Robertson, J Stuart"]
[Result "0-1"]
[WhiteElo "2051"]
[BlackElo "2094"]
[PlyCount "80"]
[EventDate "2016.02.14"]
[WhiteTeam "CSC Dragons [1]"]
[BlackTeam "Cambridge University 2"]

1. e4 c5 2. Nf3 Nc6 3. Bb5 d6 4. O-O Bd7 5. d4 cxd4 6. Nxd4 a6 7. Bxc6 bxc6 8.
Nc3 e5 9. Nb3 Be6 10. f4 f6 11. fxe5 fxe5 12. Qh5+ g6 13. Qf3 Bg7 14. Be3 Nf6
15. h3 O-O 16. Qe2 Qc7 17. Rad1 a5 18. a4 Kh8 19. Qd3 d5 20. Nc5 Bg8 21. exd5
cxd5 22. Nb5 Qc6 23. c3 Nh5 24. b4 Rxf1+ 25. Rxf1 Ng3 26. Re1 Nf5 27. Bf2 Re8
28. Na7 Qa8 29. Qa6 e4 30. Rc1 e3 31. Be1 axb4 32. cxb4 d4 33. b5 e2 34. b6 Qd5
35. b7 Ne3 36. Qxe2 d3 37. Nxd3 Qxb7 38. Nb5 Qd7 39. Rc7 Qd8 40. Bd2 Nd5 0-1

[Event "4NCL Division 2b"]
[Site "Birmingham, ENG ENG"]
[Date "2016.02.14"]
[Round "6.20"]
[White "Brau, Julio"]
[Black "Amato, Giampiero"]
[Result "0-1"]
[WhiteElo "2076"]
[BlackElo "1995"]
[PlyCount "129"]
[EventDate "2016.02.14"]
[WhiteTeam "Cambridge University 2"]
[BlackTeam "CSC Dragons [1]"]

1. e4 e5 2. Nf3 Nf6 3. d4 Nxe4 4. Bd3 d5 5. Nxe5 Nd7 6. Nxd7 Bxd7 7. O-O Nf6 8.
Re1+ Be7 9. Qf3 O-O 10. Bf4 c6 11. Nd2 Re8 12. h3 Qb6 13. c3 Be6 14. g4 Nd7 15.
Bc2 Rac8 16. b4 Qd8 17. Re2 Nf8 18. Rae1 Bd6 19. Qg3 Bxf4 20. Qxf4 Qc7 21. Qxc7
Rxc7 22. f4 Rcc8 23. Bf5 g6 24. Bxe6 Nxe6 25. Kf2 Kf8 26. Kg3 Nc7 27. a4 Rxe2
28. Rxe2 Re8 29. Rxe8+ Nxe8 30. f5 gxf5 31. gxf5 Nd6 32. Kf4 f6 33. Nb3 b6 34.
Nd2 Kg7 35. Kg4 Kh6 36. h4 Kg7 37. Kf4 h5 38. a5 Kh6 39. axb6 axb6 40. Nb1 Nc4
41. Kf3 Kg7 42. Kf4 Kf7 43. Kf3 Ke7 44. Kf4 Kd7 45. Kf3 Kc7 46. Ke2 Nd6 47. Kf3
Nxf5 48. Kf4 Nxh4 49. Nd2 Kd6 50. Nf1 Ke6 51. Ng3 Ng6+ 52. Kf3 h4 53. Nh5 f5
54. Ng7+ Kf6 55. Nh5+ Kg5 56. Ng7 f4 57. Ne6+ Kf6 58. Nd8 h3 59. Kf2 Ne7 60.
Kf3 Kf5 61. Kf2 Ke4 62. Ne6 h2 63. Kg2 Ke3 64. Kxh2 f3 65. Kg1 0-1

[Event "4NCL Division 2b"]
[Site "Birmingham, ENG ENG"]
[Date "2016.02.14"]
[Round "6.21"]
[White "Vachtfeidl, Petr"]
[Black "Kueh, Audrey"]
[Result "1/2-1/2"]
[WhiteElo "1964"]
[BlackElo "2071"]
[PlyCount "24"]
[EventDate "2016.02.14"]
[WhiteTeam "CSC Dragons [1]"]
[BlackTeam "Cambridge University 2"]

1. e4 c6 2. d4 d5 3. exd5 cxd5 4. c3 Nc6 5. Nf3 Qc7 6. Qb3 Nf6 7. Bg5 Na5 8.
Qc2 Ne4 9. Bh4 Bf5 10. Ne5 Nc6 11. Qa4 Bd7 12. Nxd7 Qxd7 1/2-1/2

[Event "4NCL Division 2b"]
[Site "Birmingham, ENG ENG"]
[Date "2016.02.14"]
[Round "6.22"]
[White "Chan, Nevil"]
[Black "Head, Louise"]
[Result "0-1"]
[WhiteElo "2039"]
[BlackElo "1937"]
[PlyCount "118"]
[EventDate "2016.02.14"]
[WhiteTeam "Cambridge University 2"]
[BlackTeam "CSC Dragons [1]"]

1. d4 d5 2. Nc3 Nf6 3. Bg5 Nbd7 4. Nf3 h6 5. Bh4 e6 6. e3 c5 7. Bd3 c4 8. Be2
Bb4 9. O-O Bxc3 10. bxc3 Qa5 11. Nd2 Qxc3 12. Re1 O-O 13. Bf1 a6 14. f4 b5 15.
h3 Bb7 16. Re2 Ne4 17. Nxe4 dxe4 18. a4 Qa5 19. Be1 Qc7 20. Bb4 Rfc8 21. a5 Nf6
22. c3 Nd5 23. Qb1 Re8 24. g3 f5 25. Qb2 Kh7 26. Kf2 Rg8 27. h4 Qf7 28. Ke1 Qh5
29. Bg2 Bc6 30. Kd2 Qg4 31. Rh1 Be8 32. Rh3 Bh5 33. Re1 Qg6 34. Rg1 Bf3 35. Bf1
Qg4 36. Rh2 Nf6 37. Bh3 Qg6 38. Qc1 Rge8 39. Qe1 Rad8 40. Rf2 Kg8 41. Rff1 Kf7
42. Qf2 Qh5 43. Bg2 Bxg2 44. Qxg2 Rg8 45. Rh1 Qg4 46. Qh3 Qxh3 47. Rxh3 g5 48.
hxg5 hxg5 49. fxg5 Rxg5 50. Rfh1 Rgg8 51. Ke2 Nd5 52. Kd2 Rg4 53. Bc5 Rg7 54.
Rh7 Nf6 55. Rxg7+ Kxg7 56. Be7 Rg8 57. Bxf6+ Kxf6 58. Rh3 Kg7 59. g4 fxg4 0-1

[Event "4NCL Division 2b"]
[Site "Birmingham, ENG ENG"]
[Date "2016.02.14"]
[Round "6.25"]
[White "Lewis, Andrew P"]
[Black "Russell, Christopher"]
[Result "1/2-1/2"]
[WhiteElo "2298"]
[BlackElo "2101"]
[PlyCount "41"]
[EventDate "2016.02.14"]
[WhiteTeam "Anglian Avengers 1"]
[BlackTeam "Downend & Fishponds"]

1. Nf3 e6 2. c4 f5 3. g3 Nf6 4. Bg2 Be7 5. O-O O-O 6. d4 d6 7. Nc3 Qe8 8. b3
Ne4 9. Bb2 Qg6 10. Nxe4 fxe4 11. Nd2 d5 12. e3 Nc6 13. a3 a5 14. f3 exf3 15.
Bxf3 Qd3 16. cxd5 Qxe3+ 17. Kh1 exd5 18. Bxd5+ Be6 19. Bg2 Rxf1+ 20. Nxf1 Qxb3
21. Qxb3 1/2-1/2

[Event "4NCL Division 2b"]
[Site "Birmingham, ENG ENG"]
[Date "2016.02.14"]
[Round "6.26"]
[White "Savory, Richard J"]
[Black "Spence, David J"]
[Result "0-1"]
[WhiteElo "2094"]
[BlackElo "2312"]
[PlyCount "70"]
[EventDate "2016.02.14"]
[WhiteTeam "Downend & Fishponds"]
[BlackTeam "Anglian Avengers 1"]

1. e4 e6 2. d4 d5 3. Nd2 Nf6 4. e5 Nfd7 5. Bd3 c5 6. c3 Nc6 7. Ne2 cxd4 8. cxd4
f6 9. exf6 Nxf6 10. Nf3 Bd6 11. O-O Qc7 12. h3 O-O 13. Be3 Bd7 14. Rc1 a6 15.
a3 Be8 16. Nc3 Bh5 17. g4 Nxg4 18. hxg4 Bxg4 19. Be2 Rf6 20. Nh4 Bh3 21. Re1
Bg3 22. Bg4 Raf8 23. Bxh3 Bxf2+ 24. Bxf2 Rxf2 25. Bxe6+ Kh8 26. Re5 Nxe5 27.
Ne4 Nc4 28. Nxf2 Qg3+ 29. Ng2 Ne3 30. Qf1 Nxf1 31. Rxf1 Qb3 32. Nh4 Rf6 33. Bg4
Qxb2 34. Nf3 Qxa3 35. Re1 h5 0-1

[Event "4NCL Division 2b"]
[Site "Birmingham, ENG ENG"]
[Date "2016.02.14"]
[Round "6.27"]
[White "Talsma, Paul"]
[Black "Garcia-Ruiz Fuentes, Aitor"]
[Result "1-0"]
[WhiteElo "2237"]
[BlackElo "2027"]
[PlyCount "63"]
[EventDate "2016.02.14"]
[WhiteTeam "Anglian Avengers 1"]
[BlackTeam "Downend & Fishponds"]

1. d4 Nf6 2. c4 g6 3. Nc3 Bg7 4. e4 d6 5. Be2 O-O 6. Bg5 Na6 7. f4 c5 8. d5 Qa5
9. Qd2 e6 10. Nf3 exd5 11. cxd5 Re8 12. O-O c4 13. e5 Ng4 14. Kh1 dxe5 15. fxe5
Nxe5 16. Nxe5 Bxe5 17. Bxc4 Nc5 18. Qf2 Bf5 19. Qh4 Qb6 20. d6 Qxd6 21. Nd5 Ne4
22. Ne7+ Rxe7 23. Bxe7 Qc7 24. Rac1 Qb6 25. Rce1 Bf6 26. Bxf6 Nxf6 27. Re7 Rf8
28. b3 Ng4 29. Bxf7+ Rxf7 30. Rxf7 Kxf7 31. Qxg4 Qe3 32. Qh4 1-0

[Event "4NCL Division 2b"]
[Site "Birmingham, ENG ENG"]
[Date "2016.02.14"]
[Round "6.28"]
[White "Hosken, Nigel K"]
[Black "Bayford, Jim R"]
[Result "1/2-1/2"]
[WhiteElo "2102"]
[BlackElo "2132"]
[PlyCount "79"]
[EventDate "2016.02.14"]
[WhiteTeam "Downend & Fishponds"]
[BlackTeam "Anglian Avengers 1"]

1. d4 Nf6 2. c4 c5 3. d5 e6 4. Nc3 exd5 5. cxd5 d6 6. e4 g6 7. Nf3 Bg7 8. h3
O-O 9. Bd3 b5 10. Bxb5 Nxe4 11. Nxe4 Qa5+ 12. Nfd2 Qxb5 13. Nxd6 Qa6 14. N2c4
Nd7 15. O-O Nb6 16. Nxb6 Qxb6 17. Nxc8 Raxc8 18. Rb1 Qd6 19. Qf3 Rfd8 20. Rd1
Bd4 21. Be3 Qxd5 22. Qxd5 Rxd5 23. Bxd4 cxd4 24. Rd3 Rc2 25. a3 Kf8 26. Rbd1
Rf5 27. Rf3 Rxf3 28. gxf3 Rxb2 29. Rxd4 Rb5 30. Re4 Kg7 31. Kg2 Kf6 32. f4 Ra5
33. f3 Kf5 34. Kg3 f6 35. Kg2 h5 36. h4 Rc5 37. Kg3 Rc6 38. Ra4 a6 39. Re4 Rd6
40. Ra4 1/2-1/2